| Tag |
First Indicator |
Second Indicator |
Subfields |
| LEADER |
00000cam a2200000Ia 4500 |
| 001 |
in00004265784 |
| 005 |
20201021103349.0 |
| 008 |
860619s1946 enk b 000 f eng d |
| 035 |
|
|
|a (OCoLC)ocm13749710
|
| 035 |
|
|
|a (OCoLC)13749710
|
| 040 |
|
|
|a EYR
|b eng
|c EYR
|d OCLCQ
|d OCLCG
|d WPG
|d OCLCQ
|d RDF
|d TXA
|d UtOrBLW
|
| 041 |
1 |
|
|a eng
|h fre
|
| 049 |
|
|
|a TXAM
|
| 050 |
1 |
4 |
|a PQ2309.H4
|b L313 1946
|
| 082 |
0 |
4 |
|a 843 .8
|
| 100 |
1 |
|
|a Huysmans, J.-K.
|q (Joris-Karl),
|d 1848-1907,
|e author.
|0 http://id.loc.gov/authorities/names/n79065248
|
| 240 |
1 |
0 |
|a Là-bas.
|l English
|0 http://id.loc.gov/authorities/names/n2002037062
|
| 245 |
1 |
0 |
|a Là-bas :
|b a novel /
|c by J.K. Huysmans ; newly edited with a preface and notes.
|
| 264 |
|
1 |
|a London :
|b Fortune Press,
|c [1946?]
|
| 300 |
|
|
|a 230 pages ;
|c 20 cm
|
| 336 |
|
|
|a text
|b txt
|2 rdacontent
|
| 337 |
|
|
|a unmediated
|b n
|2 rdamedia
|
| 338 |
|
|
|a volume
|b nc
|2 rdacarrier
|
| 504 |
|
|
|a Includes bibliographical references.
|
| 500 |
|
|
|a "Notes on the bibliography of J.-K. Huysmans ... ": pages 226-230.
|
| 500 |
|
|
|a The Cushing Library/Women & Gender Studies copy was acquired as part of The Don Kelly Research Collection of Gay Literature and Culture.
|5 TXA
|
| 650 |
|
0 |
|a Satanism
|v Fiction.
|0 http://id.loc.gov/authorities/subjects/sh2010111931
|
| 700 |
1 |
|
|a Walton, Alan Hull,
|e editor.
|0 http://id.loc.gov/authorities/names/n50026459
|
| 994 |
|
|
|a C0
|b TXA
|
| 948 |
|
|
|a cataloged
|b h
|c 2020/7/9
|d c
|e nbehmer
|f 11:08:55 am
|
| 999 |
f |
f |
|s 7f5408a6-955b-354c-977b-1f0de7699100
|i 3e223ffd-e092-3db4-bdf7-6726439e2ae8
|t 0
|
| 952 |
f |
f |
|p noncirc
|a Texas A&M University
|b College Station
|c Cushing Memorial Library & Archives
|d Cushing: Women & Gender Studies (Does not check out)
|t 0
|e PQ2309.H4 L313 1946
|h Library of Congress classification
|i unmediated -- volume
|
| 998 |
f |
f |
|a PQ2309.H4 L313 1946
|t 0
|l Cushing: Women & Gender Studies (Does not check out)
|